NAJCZĘSTSZE IMIONA DLA PSA - Statystyki

Ogólne statystyki
  • Ten quiz został rozwiązany 894 razy
  • Średni wynik to 3 z 8
Statystyki odpowiedzi
Odpowiedź % Poprawnych
REKS
69%
AZOR
61%
BUREK
40%
MAX
30%
PUSZEK
29%
REKSIO
26%
SONIA
15%
KARMEL
6%
Nie znaleziono quizów pasujących do podanych kryteriów
Rozkład punktacji
Procent ludzi z każdym wynikiem
Percentyl według liczby udzielonych odpowiedzi
Twoja historia wyników
Nie rozwiązałeś tego quizu